Statistics for U.S. House of Representatives Members - 117th Congress

Click here to take the quiz!

General Stats

  • This quiz has been taken 2,155 times
    (973 since last reset)
  • The average score is 132 of 439

Answer Stats

StateDistrictPartyName% Correct
New York14DAlexandria Ocasio-Cortez
85%
California12DNancy Pelosi
82%
Texas9DAl Green
76%
Tennessee7RMark Green
76%
New Jersey4RChris Smith
73%
Washington9DAdam Smith
72%
Nebraska3RAdrian Smith
72%
Missouri8RJason Smith
72%
South DakotaAt-LargeRDusty Johnson
70%
Texas30DEddie Bernice Johnson
70%
California23RKevin McCarthy
70%
Ohio6RBill Johnson
69%
Georgia4DHank Johnson
69%
Louisiana4RMike Johnson
69%
WyomingAt-LargeRLiz Cheney
67%
Minnesota5DIlhan Omar
66%
AlaskaAt-LargeRDon Young
65%
Colorado3RLauren Boebert
65%
California13DBarbara Lee
61%
Missouri1DCori Bush
61%
Florida1RMatt Gaetz
61%
Texas18DSheila Jackson Lee
61%
Nevada3DSusie Lee
61%
Maryland4DAnthony Brown
59%
Georgia14RMarjorie Taylor Greene
59%
Ohio11DShontel Brown
59%
Michigan13DRashida Tlaib
58%
California39RYoung Kim
57%
New Jersey3DAndrew Kim
56%
Illinois4DJesus "Chuy" Garcia
54%
California25RMike Garcia
54%
Texas13RRonny Jackson
54%
Ohio4RJim Jordan
53%
Texas29DSylvia Garcia
53%
Massachusetts7DAyanna Pressley
52%
West Virginia3RCarol Miller
52%
Illinois15RMary Miller
52%
New York17DMondaire Jones
52%
Arizona4RPaul Gosar
52%
Mississippi2DBennie Thompson
51%
Pennsylvania15RGlenn "GT" Thompson
51%
California5DMike Thompson
51%
Ohio13DTim Ryan
50%
Illinois16RAdam Kinzinger
49%
North Carolina11RMadison Cawthorn
49%
Maine2DJared Golden
47%
Maryland1RAndy Harris
46%
Pennsylvania17DConor Lamb
46%
New York21RElise Stefanik
46%
South Carolina6DJim Clyburn
46%
Kansas3DSharice Davids
46%
Virginia7DAbigail Spanberger
45%
California45DKatie Porter
45%
South Carolina1RNancy Mace
45%
Louisiana1RSteve Scalise
45%
Texas23RTony Gonzalez
45%
Alabama2RBarry Moore
44%
Utah1RBlake Moore
44%
New York12DCarolyn Maloney
44%
Illinois7DDanny Davis
44%
Wisconsin4DGwen Moore
44%
Illinois13RRodney Davis
44%
Arizona7DRuben Gallego
44%
New York18DSean Patrick Maloney
44%
Maryland5DSteny Hoyer
44%
Nebraska2RDon Bacon
43%
North Carolina3RGreg Murphy
43%
Tennessee6RJohn Rose
43%
Iowa2RMariannette Miller-Meeks
43%
California43DMaxine Waters
43%
Alabama5RMo Brooks
43%
Florida7DStephanie Murphy
43%
California28DAdam Schiff
42%
New York10DJerry Nadler
42%
Georgia1RBuddy Carter
41%
Florida13DCharlie Crist
41%
Connecticut5DJahana Hayes
41%
New York1RLee Zeldin
41%
California48RMichelle Steel
41%
Georgia5DNikema Williams
41%
Texas25RRoger Williams
41%
Florida10DVal Demings
41%
Arizona5RAndy Biggs
40%
Ohio16RAnthony Gonzalez
40%
Texas2RDan Crenshaw
40%
Florida24DFrederica Wilson
40%
New York8DHakeem Jeffries
40%
New York16DJamaal Bowman
40%
South Carolina2RJoe Wilson
40%
Texas31RJohn Carter
40%
New York4DKathleen Rice
40%
Washington7DPramila Jayapal
40%
Alabama7DTerri Sewell
40%
South Carolina7RTom Rice
40%
Louisiana2DTroy Carter
40%
New Hampshire1DChris Pappas
39%
Virginia2DElaine Luria
39%
Arkansas2RFrench Hill
39%
New Jersey2RJeff Van Drew
39%
California53DSara Jacobs
39%
Texas15DVicente Gonzalez
39%
Washington5RCathy McMorris Rodgers
38%
New York27RChris Jacobs
38%
Iowa3DCindy Axne
38%
California35DNorma Torres
38%
New York15DRitchie Torres
38%
North Carolina12DAlma Adams
37%
Georgia8RAustin Scott
37%
Virginia3DBobby Scott
37%
Pennsylvania1RBrian Fitzpatrick
37%
Georgia13DDavid Scott
37%
California15DEric Swalwell
37%
Indiana6RGreg Pence
37%
Massachusetts5DKatherine Clark
37%
DelawareAt-LargeDLisa Blunt Rochester
37%
Georgia6DLucy McBath
37%
Michigan3RPeter Meijer
37%
New York5DGregory Meeks
36%
Florida27RMaria Elvira Salazar
36%
California17DRo Khanna
36%
Texas3RVan Taylor
36%
Michigan9DAndy Levin
35%
Minnesota2DAngie Craig
35%
Arizona8RDebbie Lesko
35%
Florida23DDebbie Wasserman Schultz
35%
Texas28DHenry Cuellar
35%
Pennsylvania16RMike Kelly
35%
California49DMike Levin
35%
Illinois2DRobin Kelly
35%
Mississippi1RTrent Kelly
35%
Utah4RBurgess Owens
34%
California21RDavid Valadao
34%
Nevada1DDina Titus
34%
Michigan11DHaley Stevens
34%
Tennessee5DJim Cooper
34%
Texas20DJoaquin Castro
34%
Colorado2DJoe Neguse
34%
MontanaAt-LargeRMatt Rosendale
34%
VermontAt-LargeDPeter Welch
34%
Kentucky6RAndy Barr
33%
New York22RClaudia Tenney
33%
California50RDarrell Issa
33%
Arizona9DGreg Stanton
33%
Kentucky5RHal Rogers
33%
Maryland8DJamie Raskin
33%
New York24RJohn Katko
33%
Colorado4RKen Buck
33%
Alabama3RMike Rogers
33%
Arizona3DRaul Grijalva
33%
Arizona2DAnn Kirkpatrick
32%
Texas21RChip Roy
32%
Hawaii1DEd Case
32%
Michigan6RFred Upton
32%
New York6DGrace Meng
32%
Washington3RJamie Herrera Beutler
32%
Illinois14DLauren Underwood
32%
Texas1RLouie Gohmert
32%
California52DScott Peters
32%
Tennessee9DStephen Cohen
32%
California33DTed Lieu
32%
Arizona1DTom O'Halleran
32%
New Hampshire2DAnn Kuster
31%
Missouri2RAnn Wagner
31%
Florida19RByron Donalds
31%
North Carolina9RDan Bishop
31%
Minnesota3DDean Phillips
31%
Michigan12DDebbie Dingell
31%
California27DJudy Chu
31%
California37DKaren Bass
31%
Ohio9DMarcy Kaptur
31%
New York11RNicole Malliotakis
31%
Wisconsin3DRon Kind
31%
Georgia2DSanford Bishop
31%
Ohio1RSteve Chabot
31%
Pennsylvania7DSusan Wild
31%
Kentucky4RThomas Massie
31%
California19DZoe Lofgren
31%
West Virginia2RAlex Mooney
30%
Florida5DAl Lawson
30%
Florida18RBrian Mast
30%
Michigan8DElissa Slotkin
30%
Texas34DFilemon Vela
30%
North Carolina1DG.K. Butterfield
30%
California34DJimmy Gomez
30%
Oklahoma1RKevin Hern
30%
Missouri7RBilly Long
29%
Maine1DChellie Pingree
29%
Rhode Island1DDavid Cicilline
29%
Virginia10DJennifer Wexton
29%
Kentucky3DJohn Yarmuth
29%
New Jersey5DJosh Gottheimer
29%
Pennsylvania4DMadeleine Dean
29%
Wisconsin2DMark Pocan
29%
New Jersey11DMikie Sherrill
29%
Connecticut3DRosa DeLauro
29%
Pennsylvania10RScott Perry
29%
Oklahoma5RStephanie Bice
29%
North Carolina13RTed Budd
29%
New Mexico3DTeresa Leger Fernandez
29%
Oklahoma4RTom Cole
29%
New Mexico2RYvette Herrell
29%
Indiana7DAndre Carson
28%
Illinois1DBobby Rush
28%
Virginia5RBob Good
28%
Massachusetts4DJake Auchincloss
28%
Colorado6DJason Crow
28%
Florida3RKat Cammack
28%
Nevada2RMark Amodei
28%
Minnesota6RTom Emmer
28%
New Jersey7DTom Malinowski
28%
California7DAmi Bera
27%
New York19DAntonio Delgado
27%
Florida26RCarlos Gimenez
27%
Michigan5DDan Kildee
27%
Arizona6RDavid Schweikert
27%
Maryland6DDavid Trone
27%
Pennsylvania3DDwight Evans
27%
California2DJared Huffman
27%
Maryland7DKweisi Mfume
27%
California38DLinda Sanchez
27%
Oklahoma2RMarkwayne Mullin
27%
Oregon4DPeter DeFazio
27%
New York23RTom Reed
27%
Kansas1RTracey Mann
27%
Missouri4RVicky Hartzler
27%
North Carolina5RVirginia Foxx
27%
Illinois17DCheri Bustos
26%
North DakotaAt-LargeRKelly Armstrong
26%
California42RKen Calvert
26%
Illinois3DMarie Newman
26%
Florida25RMario Diaz-Balart
26%
Pennsylvania8DMatt Cartwright
26%
Nevada4DSteven Horsford
26%
Florida22DTed Deutch
26%
Iowa1RAshley Hinson
25%
New Jersey12DBonnie Watson Coleman
25%
Georgia7DCarolyn Bourdeaux
25%
Washington4RDan Newhouse
25%
Colorado1DDiana DeGette
25%
California1RDoug LaMalfa
25%
Indiana1DFrank Mrvan
25%
California14DJackie Speier
25%
Massachusetts2DJim McGovern
25%
California10DJosh Harder
25%
Louisiana5RJulia Letlow
25%
Hawaii2DKai Kahele
25%
California36DRaul Ruiz
25%
Massachusetts1DRichard Neal
25%
Illinois6DSean Casten
25%
New York3DTom Suozzi
25%
New York2RAndrew Garbarino
24%
California18DAnna Eshoo
24%
Georgia11RBarry Loudermilk
24%
New York26DBrian Higgins
24%
Louisiana3RClay Higgins
24%
Florida9DDarren Soto
24%
West Virginia1RDavid McKinley
24%
Colorado7DEd Perlmutter
24%
Missouri5DEmanuel Cleaver
24%
Louisiana6RGarret Graves
24%
Alabama1RJerry Carl
24%
Indiana3RJim Banks
24%
California16DJim Costa
24%
Connecticut4DJim Himes
24%
Georgia10RJody Hice
24%
California3DJohn Garamendi
24%
Florida14DKathy Castor
24%
Oregon5DKurt Schrader
24%
Minnesota7RMichelle Fischbach
24%
Florida2RNeal Dunn
24%
New York7DNydia Velazquez
24%
New York20DPaul Tonko
24%
Illinois8DRaja Krishnamoorthi
24%
Alabama4RRobert Aderholt
24%
Missouri6RSam Graves
24%
Florida15RScott Franklin
24%
Mississippi4RSteven Palazzo
24%
California4RTom McClintock
24%
Ohio8RWarren Davidson
24%
Michigan14DBrenda Lawrence
23%
Texas32DColin Allred
23%
Illinois18RDarin LaHood
23%
North Carolina4DDavid Price
23%
California6DDoris Matsui
23%
Colorado5RDoug Lamborn
23%
Florida17RGreg Steube
23%
Nebraska1RJeff Fortenberry
23%
Ohio3DJoyce Beatty
23%
North Carolina6DKathy Manning
23%
Pennsylvania5DMary Gay Scanlon
23%
California31DPete Aguilar
23%
Iowa4RRandy Feenstra
23%
Indiana5RVictoria Spartz
23%
North Carolina2DDeborah Ross
22%
New Jersey1DDonald Norcross
22%
Alabama6RGary Palmer
22%
Indiana2RJackie Walorski
22%
Kansas2RJake LaTurner
22%
California8RJay Obernolte
22%
Florida21DLois Frankel
22%
New Mexico1DMelanie Stansbury
22%
Idaho2RMike Simpson
22%
Ohio10RMike Turner
22%
Arkansas1RRick Crawford
22%
Massachusetts6DSeth Moulton
22%
Texas16DVeronica Escobar
22%
New York9DYvette Clarke
22%
Massachusetts9DBill Keating
21%
California30DBrad Sherman
21%
Pennsylvania2DBrendan Boyle
21%
New Jersey10DDonald Payne
21%
District of ColumbiaAt-LargeDEleanor Holmes Norton
21%
Rhode Island2DJim Langevin
21%
Florida4RJohn Rutherford
21%
Illinois12RMike Bost
21%
Pennsylvania18DMike Doyle
21%
Massachusetts8DStephen Lynch
21%
Florida16RVern Buchanan
21%
New Jersey8DAlbio Sires
20%
Georgia9RAndrew Clyde
20%
Wisconsin1RBryan Steil
20%
Pennsylvania6DChrissy Houlahan
20%
Oregon2RCliff Bentz
20%
Virginia8DDon Beyer
20%
Maryland2DDutch Ruppersberger
20%
New Jersey6DFrank Pallone
20%
Virginia11DGerry Connolly
20%
California32DGrace Napolitano
20%
California20DJimmy Panetta
20%
Connecticut2DJoe Courtney
20%
New York25DJoe Morelle
20%
Connecticut1DJohn Larson
20%
California51DJuan Vargas
20%
Michigan10RLisa McClain
20%
California46DLou Correa
20%
California41DMark Takano
20%
Mississippi3RMichael Guest
20%
North Carolina10RPatrick McHenry
20%
Georgia12RRick Allen
20%
Florida20DSheila Cherfilus-McCormick
20%
Wisconsin7RTom Tiffany
20%
California47DAlan Lowenthal
19%
Texas7DLizzie Fletcher
19%
Illinois5DMike Quigley
19%
Wisconsin5RScott Fitzgerald
19%
Arkansas3RSteve Womack
19%
Washington1DSuzan DelBene
19%
Virginia6RBen Cline
18%
Texas24RBeth Van Duyne
18%
Illinois11DBill Foster
18%
Florida8RBill Posey
18%
Utah2RChris Stewart
18%
Florida11RDaniel Webster
18%
Ohio14RDavid Joyce
18%
Tennessee1RDiana Harshbarger
18%
Pennsylvania12RFred Keller
18%
Michigan1RJack Bergman
18%
Kentucky1RJames Comer
18%
Pennsylvania13RJohn Joyce
18%
Maryland3DJohn Sarbanes
18%
California26DJulia Brownley
18%
California40DLucille Roybal-Allard
18%
Texas10RMichael McCaul
18%
Florida6RMichael Waltz
18%
Wisconsin8RMike Gallagher
18%
California44DNanette Barragan
18%
Minnesota8RPete Stauber
18%
Kansas4RRon Estes
18%
Minnesota4DBetty McCollum
17%
Michigan2RBill Huizenga
17%
Texas36RBrian Babin
17%
Arkansas4RBruce Westerman
17%
Oregon3DEarl Blumenauer
17%
Texas8RKevin Brady
17%
Washington8DKim Schrier
17%
Massachusetts3DLori Trahan
17%
California11DMark DeSaulnier
17%
Texas27RMichael Cloud
17%
Texas17RPete Sessions
17%
Idaho1RRuss Fulcher
17%
California24DSalud Carbajal
17%
Tennessee4RScott DesJarlais
17%
California29DTony Cardenas
17%
New York13DAdriano Espaillat
16%
New Jersey9DBill Pascrell
16%
Missouri3RBlaine Luetkemeyer
16%
Ohio7RBob Gibbs
16%
Illinois10DBrad Schneider
16%
Kentucky2RBrett Guthrie
16%
Pennsylvania14RGuy Reschenthaler
16%
Illinois9DJan Schakowsky
16%
California9DJerry McNerney
16%
Texas12RKay Granger
16%
Texas35DLloyd Doggett
16%
Virginia9RMorgan Griffith
16%
South Carolina5RRalph Norman
16%
North Carolina8RRichard Hudson
16%
Washington2DRick Larsen
16%
U.S. Virgin IslandsAt-LargeDStacey Plaskett
16%
Oregon1DSuzanne Bonamici
16%
Indiana9RTrey Hollingsworth
16%
Ohio5RBob Latta
15%
South Carolina3RJeff Duncan
15%
Indiana4RJim Baird
15%
Texas19RJodey Arrington
15%
Ohio15RMike Carey
15%
Michigan7RTim Walberg
15%
South Carolina4RWilliam Timmons
15%
Ohio2RBrad Wenstrup
14%
Pennsylvania9RDan Meuser
14%
Tennessee8RDavid Kustoff
14%
North Carolina7RDavid Rouzer
14%
Florida12RGus Bilirakis
14%
Michigan4RJohn Moolenaar
14%
Pennsylvania11RLloyd Smucker
14%
Washington10DMarilyn Strickland
14%
Texas4RPat Fallon
14%
Texas14RRandy Weber
14%
Texas22RTroy Nehls
14%
Virginia4DA. Donald McEachin
13%
Utah3RJohn Curtis
13%
Georgia3RDrew Ferguson
12%
Wisconsin6RGlenn Grothman
12%
Texas6RJake Ellzey
12%
Texas5RLance Gooden
12%
Texas33DMarc Veasey
12%
Texas11RAugust Pfluger
11%
Washington6DDerek Kilmer
11%
Virginia1RRob Wittman
11%
Tennessee3RChuck Fleischmann
10%
Oklahoma3RFrank Lucas
10%
Puerto RicoAt-LargeRJenniffer Gonzalez-Colon
10%
Indiana8RLarry Bucshon
10%
Tennessee2RTim Burchett
10%
Ohio12RTroy Balderson
10%
Texas26RMichael Burgess
9%
American SamoaAt-LargeRAumua Amata Coleman Radewagen
7%
Northern Mariana IslandsAt-LargeDGregorio Kilili Camacho Sablan
6%
GuamAt-LargeDMichael San Nicolas
6%

Score Distribution

Percentile by Number Answered

Percent of People with Each Score

Your Score History

You have not taken this quiz since the last reset